00995nam a2200289Ia 450000500170000000800270001702000180004408200160006210000170007824501180009525000170021330000250023053400670025565000280032265000310035065000310038165000330041270000360044570000350048194200120051626400390052833600270056733700330059433800280062704000350065599900150069020220317000412.0141031s9999 ck 000 0 spa d a978607463105004a612.6bL22d1 aLee, Eun-hee10aDía a díabel ciclo de la vida ctexto de Eun-hee Lee ; ilustraciones de Eun-hwa Jo ; traducción So-yon Yoo a1a edición a36 páginasc23 cm. tDay by day after a baby is born: the human from birth to death142LEMBaDesarrollo humano142LEMBaNiñosxCrecimiento142LEMBaEtapas de desarrollo142LEMBaDesarrollo biológico1 aJo, Eun-hwa eilustrador9147771 aYoo, So-yon etraductor914778 2ddccBK aMéxicobEdiciones Castilloc2010 atextobtxt2rdacontent asin mediaciónbn2rdamedia avolumenbnc2rdacarrier aCO-BoRNBPbspaerdacCO-BoRNBP c3942d3942